000 00389nam a22001697a 4500
003 SGT
020 _a9789351521723
082 _a616.0757
_bI24B
100 _aBALACHANDRAN, G.
245 _aINTERPRETATION OF CHEST X-RAY
250 _a1ST
260 _aINDIA
_bJAYPEE PUB
_c2024
300 _a118
650 _aRADIOLOGY
653 _aINTERPRETATION OF CHEST X-RAY
942 _2ddc
_cBK
999 _c33657
_d33657